Учебные геологические практики: учебное пособие

Dades bibliogràfiques
Autor principal: Гудымович С. С. Сергей Сергеевич
Autor corporatiu: Национальный исследовательский Томский политехнический университет (ТПУ)
Altres autors: Полиенко А. К. Александр Константинович
Sumari:Учебное пособие содержит сведения по современному экзогенному рельефообразованию и осадконакоплению, горным породам, структурным формам их залегания и программы их описания; методические рекомендации по ведению маршрутов, документации полевых наблюдений, составлению геологической карты и содержанию отчетов. Предназначено для студентов заочного отделения Института природных ресурсов и имеет целью прохождение общегеологической и геологосъемочной практик.
Idioma:rus
Publicat: Томск, Изд-во ТПУ, 2010
Matèries:
Format: MixedMaterials Llibre
KOHA link:https://koha.lib.tpu.ru/cgi-bin/koha/opac-detail.pl?biblionumber=193250

MARC

LEADER 00000nam0a2200000 4500
001 193250
005 20240207151234.0
010 |a 9785982986344 
035 |a (RuTPU)RU\TPU\book\210767 
035 |a RU\TPU\book\172305 
090 |a 193250 
100 |a 20110322d2010 m y0rusy50 ca 
101 0 |a rus 
102 |a RU 
105 |a a j 001zy 
200 1 |a Учебные геологические практики  |e учебное пособие  |f С. С. Гудымович, А. К. Полиенко  |g Томский политехнический университет (ТПУ) 
210 |a Томск  |c Изд-во ТПУ  |d 2010 
215 |a 153 с.  |c ил. 
320 |a Библиогр.: с. 136. 
330 |a Учебное пособие содержит сведения по современному экзогенному рельефообразованию и осадконакоплению, горным породам, структурным формам их залегания и программы их описания; методические рекомендации по ведению маршрутов, документации полевых наблюдений, составлению геологической карты и содержанию отчетов. Предназначено для студентов заочного отделения Института природных ресурсов и имеет целью прохождение общегеологической и геологосъемочной практик. 
606 1 |a Геологическая практика, учебная  |2 stltpush  |3 (RuTPU)RU\TPU\subj\68089  |9 83627 
610 1 |a геология 
610 1 |a геологосъемочная практика 
610 1 |a общегеологическая практика 
610 1 |a полевые наблюдения 
610 1 |a программы 
610 1 |a документация 
610 1 |a геологическое картографирование 
610 1 |a учебные пособия 
610 1 |a труды учёных ТПУ 
610 1 |a Западная Сибирь 
610 1 |a Томск 
610 1 |a геологические процессы 
675 |a 55(075.8)  |v 3 
700 1 |a Гудымович  |b С. С.  |c горный инженер, геолог  |c доцент Томского политехнического университета, кандидат геолого-минералогических наук  |f 1933-  |g Сергей Сергеевич  |3 (RuTPU)RU\TPU\pers\20757 
701 1 |a Полиенко  |b А. К.  |c геолог  |c доцент Томского политехнического университета, доктор геолого-минералогических наук  |c выпускник ТПИ 1964 г.  |f 1940-  |g Александр Константинович  |3 (RuTPU)RU\TPU\pers\20300  |9 8092 
712 0 2 |a Национальный исследовательский Томский политехнический университет (ТПУ)  |c (2009- )  |3 (RuTPU)RU\TPU\col\15902 
801 1 |a RU  |b 63413507  |c 20090429  |g PSBO 
801 2 |a RU  |b 63413507  |c 20210907  |g PSBO 
942 |c BK